000
00335nam a2200133 a 4500
005
20141022141959.0
008
120229s19uu xx 00 eng d
050
_a
CD
_b
H73 2002
100
_a
Holman, Tomlinson
245
_a
Sound for film and television /
_c
Tomlinson Holman.
250
_a
2nd ed.
260
_c
2002.
942
_c
AVM
999
_c
276183
_d
276183